000 00270nam a22001097a 4500
008 170125b xxu||||| |||| 00| 0 eng d
020 _a9780073513720
041 _aeng
080 _23RD
_a61
245 _aMEDICAL LANGUAGE FOR MODERN HEALTH CARE
_cALLAN, D
942 _2udc
_cBK
999 _c3699
_d3699